[Event "Pinerolo op"]
[Site "Pinerolo"]
[Date "2009.11.15"]
[Round "5"]
[White "Zaccaria, Christian"]
[Black "Bergoglio, Piergiorgio"]
[Result "1-0"]
[WhiteElo "1440"]
[BlackElo "1344"]
[PlyCount "97"]
[EventDate "2009.11.13"]
[EventType "swiss"]
[EventRounds "5"]
[EventCountry "ITA"]
[SourceTitle "EXT 2012"]
[Source "ChessBase"]
[SourceDate "2011.11.24"]
[SourceVersion "1"]
[SourceVersionDate "2011.11.24"]
[SourceQuality "1"]

1. e4 e6 2. Nf3 c5 3. d4 b6 4. d5 Qc7 5. c4 d6 6. Nc3 a6 7. Qa4+ Bd7 8. Qb3 e5 9. Be2 Bg4 10. 0-0 Be7 11. Bg5 h6 12. Be3 Nf6 13. Nd2 Bxe2 14. Nxe2 0-0 15. Ng3 Ng4 16. f4 Nxe3 17. Qxe3 Nd7 18. f5 Bg5 19. Qe2 Nf6 20. Nf3 Bf4 21. Nh1 Ng4 22. g3 Be3+ 23. Kg2 Bd4 24. Nxd4 Nf6 25. Nf3 b5 26. cxb5 axb5 27. Qxb5 Nxe4 28. Rfe1 Nf6 29. Nf2 Nxd5 30. a3 Rab8 31. Qe2 Rb3 32. Qd2 Qb7 33. Rad1 Nf6 34. Re3 Rxb2 35. Qc1 e4 36. Nd2 d5 37. Re2 Re8 38. Rde1 e3 39. Nd3 d4+ 40. Nf3 Rb3 41. Nxc5 Rc3 42. Qxc3 Qxf3+ 43. Kxf3 dxc3 44. Rxe3 Rxe3+ 45. Rxe3 Nd5 46. Rd3 c2 47. Nb3 Nc7 48. Rc3 Nd5 49. Rxc2 1-0

[Event "Pinerolo op"]
[Site "Pinerolo"]
[Date "2009.11.14"]
[Round "3"]
[White "Martin, Tiziano"]
[Black "Zaccaria, Christian"]
[Result "1-0"]
[WhiteElo "1968"]
[BlackElo "1440"]
[PlyCount "74"]
[EventDate "2009.11.13"]
[EventType "swiss"]
[EventRounds "5"]
[EventCountry "ITA"]
[SourceTitle "EXT 2012"]
[Source "ChessBase"]
[SourceDate "2011.11.24"]
[SourceVersion "1"]
[SourceVersionDate "2011.11.24"]
[SourceQuality "1"]

1. e4 c5 2. Nc3 d6 3. g3 Nc6 4. Bg2 g6 5. d3 Bg7 6. Be3 Nf6 7. h3 0-0 8. Qd2 Ne5 9. f4 Ned7 10. Nf3 e6 11. 0-0 Qa5 12. d4 cxd4 13. Nxd4 a6 14. Nb3 Qc7 15. Rad1 Ne8 16. Bd4 Bxd4+ 17. Nxd4 Qb6 18. Na4 Qa7 19. Kh2 e5 20. Nf3 b5 21. Nc3 Bb7 22. fxe5 Nxe5 23. Nxe5 dxe5 24. Qd7 Bc8 25. Qd2 Be6 26. Nd5 f6 27. Qf2 Qxf2 28. Rxf2 Ra7 29. b3 Kg7 30. c4 Rd7 31. c5 Nc7 32. Rfd2 Rff7 33. c6 Rxd5 34. exd5 Bc8 35. d6 Ne6 36. Bd5 Rf8 37. d7 Ng5 1-0